Death in the Tiergarten : murder and criminal justice in the Kaiser's Berlin

Αποθηκεύτηκε σε:
Λεπτομέρειες βιβλιογραφικής εγγραφής
Κύριος συγγραφέας: Hett, Benjamin Carter
Μορφή: Βιβλίο
Γλώσσα:English
Δημοσίευση: Cambridge : Harvard University Press, 2004
Θέματα:
Ετικέτες: Προσθήκη ετικέτας
Δεν υπάρχουν, Καταχωρήστε ετικέτα πρώτοι!

MARC

LEADER 00000nam a2200000 i 4500
001 1/69463
008 080108s2004 eng d
020 |a 0-674-01317-4  |z 0-674-1317-4 
035 |l 10093421 
040 |a GR-MY-UA  |b gre  |e aacr 
041 0 |a eng 
082 0 |a 345.4315501  |2 (22) 
100 1 |a Hett, Benjamin Carter. 
245 1 0 |a Death in the Tiergarten :  |b murder and criminal justice in the Kaiser's Berlin /  |c Benjamin Carter Hett 
260 |a Cambridge :   |b Harvard University Press,   |c 2004 
300 |a ix, 291 σ.;  |c 25 εκ.  
504 |a Βιβλιογραφία: σ. 277-286 
504 |a Ευρετήριο: σ. 287-291 
650 0 0 |a Criminal justice, Administration of  |z Germany  |z Berlin  |x History. 
650 0 0 |a Trials (Murder)  |z Germany  |z Berlin  |x History. 
852 |a INST  |b LESVOS  |e 20080108  |h 345.4315501 CAR  |p 005100040835  |q 005100040835  |t BK  |y 0 
901 |a BIBL1-2008-1 
909 |a Λ  |b 142758 
922 |a 1ΕΛΗ  |b 200712  |c ΕΠΕΑΕΚ2/ΤΚΑ  |d ΕΛΕΥΘΕΡΟΥΔΑΚΗΣ 
970 |a ΧΑΤΖΗΜΙΧΑΗΛ  |b ΜΑΡΙΑ  |z 2008/01/08